Chef: A guide to becoming a culinary master (Record no. 1181)

MARC details
000 -LEADER
fixed length control field 00488nam a2200169Ia 4500
008 - FIXED-LENGTH DATA ELEMENTS--GENERAL INFORMATION
fixed length control field 230917s9999||||xx |||||||||||||| ||und||
020 ## - ISBN
Price RS 1495.00
040 ## - CATALOGING SOURCE
-- 5002219
Original cataloging agency VIVEKANANDA LIBRARY
041 ## - Language
-- English
082 ## - DDC NUMBER
Classification number 641.57 B459C
100 ## - MAIN ENTRY--PERSONAL NAME
Personal name Berry, Chef Karan
245 #0 - TITLE STATEMENT
Title Chef: A guide to becoming a culinary master
260 ## - PUBLICATION, DISTRIBUTION, ETC. (IMPRINT)
Place of publication, distribution, etc New Delhi
Name of publisher, distributor, etc Kanishka Publishers, Distribuors
Date of publication, distribution, etc 2019
300 ## - PHYSICAL DESCRIPTION
Pages xi, 427 p.
500 ## - GENERAL NOTE
General note 3935 01/01/2020 TBI20/1915 15/01/2020 Main Budget
942 ## - ADDED ENTRY ELEMENTS (KOHA)
Koha item type Books
Holdings
Withdrawn status Lost status Damaged status Not for loan Location (home branch) Sublocation or collection (holding branch) Shelving location Date acquired Koha issues (times borrowed) Koha full call number Accession No. Koha date last seen Koha item type
        VIVEKANANDA LIBRARY VIVEKANANDA LIBRARY IHTM Library 23/01/2020   641.57 B459C 396018 17/09/2023 Books
© Designed and Maintained by Vivekananda Library, MDU Rohtak